000 00460nam a2200145Ia 4500
008 090124s9999 xx 000 0 und d
082 _b402585
245 _a थोरांच्या नवलकथा भा 2
250 _a1
260 _bदेवळे श.रा.
_c1991
300 _a64
630 _a थोरांच्या नवलकथा भा 2
730 _a थोरांच्या नवलकथा भा 2
942 _cBOOK
999 _c199045
_d199045